Two new Nicaraguan Juglandaceae
Saved in:
| Main Author: | |
|---|---|
| Format: | Book |
| Language: | English |
| Published: |
[Chicago]
1968.
|
| Series: | Fieldiana. Botany ;
v. 31, no. 16. Publication (Field Museum of Natural History) ; 1046. |
| Subjects: | |
| Tags: |
Add Tag
No Tags, Be the first to tag this record!
|
| LEADER | 01029cam a22002891 4500 | ||
|---|---|---|---|
| 001 | 007724085-5 | ||
| 005 | 20040629102826.0 | ||
| 008 | 710208s1968 ilu 000 0 eng | ||
| 010 | |a 68026378 //r893 | ||
| 035 | 0 | |a ocm00444254 | |
| 040 | |a DLC |c DLC |d BOH | ||
| 043 | |a ncnq--- | ||
| 050 | 0 | |a QK1 |b .F4 vol. 31, no. 16 | |
| 100 | 2 | |a Molina R, Antonio. | |
| 245 | 1 | 0 | |a Two new Nicaraguan Juglandaceae |c [by] Antonio Molina R. |
| 260 | |a [Chicago] |c 1968. | ||
| 300 | |a 357-359 p. |c 24 cm. | ||
| 490 | 1 | |a Field Museum of Natural History. Publication 1046 | |
| 490 | 1 | |a Fieldiana. Botany ; |v v. 31, no. 16 | |
| 650 | 0 | |a Alfaroa williamsii |z Nicaragua. | |
| 650 | 0 | |a Engelhardia nicaraguensis. | |
| 650 | 0 | |a Botany |z Nicaragua. | |
| 776 | 0 | 8 | |i Online version: |a Molina, Antonio R. |t Two new Nicaraguan Juglandaceae. |d Chicago : Field Museum of Natural History, 1968 |w (OCoLC)910496257 |
| 830 | 0 | |a Fieldiana. |p Botany ; |v v. 31, no. 16. | |
| 830 | 0 | |a Publication (Field Museum of Natural History) ; |v 1046. | |
| 988 | |a 20020608 | ||
| 906 | |0 DLC | ||


